<?xml version="1.0" encoding="UTF-8"?>
<record
    xmlns:xsi="http://www.w3.org/2001/XMLSchema-instance"
    xsi:schemaLocation="http://www.loc.gov/MARC21/slim http://www.loc.gov/standards/marcxml/schema/MARC21slim.xsd"
    xmlns="http://www.loc.gov/MARC21/slim">

  <leader>03100nam0a2200361   4500</leader>
  <controlfield tag="001">RU\NLR\BIBL_A\012154630</controlfield>
  <controlfield tag="005">20260406092315.0</controlfield>
  <datafield tag="035" ind1=" " ind2=" ">
    <subfield code="a">(NLR Aleph) 012154630</subfield>
  </datafield>
  <datafield tag="090" ind1=" " ind2=" ">
    <subfield code="a">12161498</subfield>
    <subfield code="c">12161498</subfield>
  </datafield>
  <datafield tag="100" ind1=" " ind2=" ">
    <subfield code="a">20191204d1898    |||y0rusy50      ca</subfield>
  </datafield>
  <datafield tag="101" ind1="0" ind2=" ">
    <subfield code="a">rus</subfield>
  </datafield>
  <datafield tag="102" ind1=" " ind2=" ">
    <subfield code="a">RU</subfield>
  </datafield>
  <datafield tag="105" ind1=" " ind2=" ">
    <subfield code="a">y   z   000zy</subfield>
  </datafield>
  <datafield tag="200" ind1="1" ind2=" ">
    <subfield code="a">&#x413;&#x43E;&#x441;&#x43F;&#x43E;&#x434;&#x438;&#x43D;&#x443; &#x423;&#x43F;&#x440;&#x430;&#x432;&#x43B;&#x44F;&#x44E;&#x449;&#x435;&#x43C;&#x443; &#x41C;&#x43E;&#x440;&#x441;&#x43A;&#x438;&#x43C; &#x41C;&#x438;&#x43D;&#x438;&#x441;&#x442;&#x435;&#x440;&#x441;&#x442;&#x432;&#x43E;&#x43C;</subfield>
    <subfield code="f">&#x413;&#x43E;&#x441;&#x443;&#x434;&#x430;&#x440;&#x441;&#x442;&#x432;&#x435;&#x43D;&#x43D;&#x44B;&#x439; &#x41A;&#x43E;&#x43D;&#x442;&#x440;&#x43E;&#x43B;&#x44C;. &#x414;&#x435;&#x43F;&#x430;&#x440;&#x442;&#x430;&#x43C;&#x435;&#x43D;&#x442; &#x412;&#x43E;&#x435;&#x43D;&#x43D;&#x43E;&#x439; &#x438; &#x41C;&#x43E;&#x440;&#x441;&#x43A;&#x43E;&#x439; &#x41E;&#x442;&#x447;&#x435;&#x442;&#x43D;&#x43E;&#x441;&#x442;&#x438;. 27 &#x43C;&#x430;&#x440;&#x442;&#x430; 1898 &#x433;&#x43E;&#x434;&#x430;. &#x2116; 1233</subfield>
  </datafield>
  <datafield tag="210" ind1=" " ind2=" ">
    <subfield code="a">[&#x421;.-&#x41F;&#x435;&#x442;&#x435;&#x440;&#x431;&#x443;&#x440;&#x433;</subfield>
    <subfield code="c">&#x431;. &#x438;.]</subfield>
    <subfield code="d">1898</subfield>
  </datafield>
  <datafield tag="215" ind1=" " ind2=" ">
    <subfield code="a">5 &#x441;.</subfield>
    <subfield code="d">34</subfield>
  </datafield>
  <datafield tag="300" ind1=" " ind2=" ">
    <subfield code="a">&#x422;&#x435;&#x43A;&#x441;&#x442; &#x43D;&#x430;&#x447;&#x438;&#x43D;&#x430;&#x435;&#x442;&#x441;&#x44F; &#x441;&#x43B;&#x43E;&#x432;&#x430;&#x43C;&#x438;: &#x41D;&#x430; &#x43E;&#x442;&#x43D;&#x43E;&#x448;&#x435;&#x43D;&#x438;&#x44F; &#x43E;&#x442; 14 &#x438; 19-&#x433;&#x43E; &#x441;&#x435;&#x433;&#x43E; &#x41C;&#x430;&#x440;&#x442;&#x430; &#x437;&#x430; &#x2116;&#x2116; 4133 &#x438; 4483, &#x438;&#x43C;&#x435;&#x44E; &#x447;&#x435;&#x441;&#x442;&#x44C; &#x443;&#x432;&#x435;&#x434;&#x43E;&#x43C;&#x438;&#x442;&#x44C; &#x412;&#x430;&#x448;&#x435; &#x41F;&#x440;&#x435;&#x432;&#x43E;&#x441;&#x445;&#x43E;&#x434;&#x438;&#x442;&#x435;&#x43B;&#x44C;&#x441;&#x442;&#x432;&#x43E;, &#x447;&#x442;&#x43E; &#x441; &#x43C;&#x43E;&#x435;&#x439; &#x441;&#x442;&#x43E;&#x440;&#x43E;&#x43D;&#x44B; &#x43D;&#x435; &#x432;&#x441;&#x442;&#x440;&#x435;&#x447;&#x430;&#x435;&#x442;&#x441;&#x44F; &#x43F;&#x440;&#x435;&#x43F;&#x44F;&#x442;&#x441;&#x442;&#x432;&#x438;&#x44F; &#x43A; &#x443;&#x442;&#x432;&#x435;&#x440;&#x436;&#x434;&#x435;&#x43D;&#x438;&#x44E; &#x432; &#x443;&#x441;&#x442;&#x430;&#x43D;&#x43E;&#x432;&#x43B;&#x435;&#x43D;&#x43D;&#x43E;&#x43C; &#x43F;&#x43E;&#x440;&#x44F;&#x434;&#x43A;&#x435; &#x432;&#x44B;&#x440;&#x430;&#x431;&#x43E;&#x442;&#x430;&#x43D;&#x43D;&#x43E;&#x433;&#x43E; &#x432; &#x41C;&#x43E;&#x440;&#x441;&#x43A;&#x43E;&#x43C; &#x41C;&#x438;&#x43D;&#x438;&#x441;&#x442;&#x435;&#x440;&#x441;&#x442;&#x432;&#x435; &#x43F;&#x43E;&#x43B;&#x43E;&#x436;&#x435;&#x43D;&#x438;&#x44F; &#x43E; &#x43C;&#x430;&#x448;&#x438;&#x43D;&#x43D;&#x43E;&#x439; &#x448;&#x43A;&#x43E;&#x43B;&#x435; &#x427;&#x435;&#x440;&#x43D;&#x43E;&#x43C;&#x43E;&#x440;&#x441;&#x43A;&#x43E;&#x433;&#x43E; &#x444;&#x43B;&#x43E;&#x442;&#x430; ...</subfield>
  </datafield>
  <datafield tag="300" ind1=" " ind2=" ">
    <subfield code="a">&#x412; &#x43A;&#x43E;&#x43D;&#x446;&#x435; &#x442;&#x435;&#x43A;&#x441;&#x442;&#x430;: &#x41F;&#x43E;&#x434;&#x43F;&#x438;&#x441;&#x430;&#x43B;: &#x413;&#x43E;&#x441;&#x443;&#x434;&#x430;&#x440;&#x441;&#x442;&#x432;&#x435;&#x43D;&#x43D;&#x44B;&#x439; &#x41A;&#x43E;&#x43D;&#x442;&#x440;&#x43E;&#x43B;&#x435;&#x440;, &#x421;&#x435;&#x43D;&#x430;&#x442;&#x43E;&#x440; &#x422;. &#x424;&#x438;&#x43B;&#x438;&#x43F;&#x43F;&#x43E;&#x432; &#x438; &#x441;&#x43A;&#x440;&#x435;&#x43F;&#x438;&#x43B;: &#x413;&#x435;&#x43D;&#x435;&#x440;&#x430;&#x43B;-&#x41A;&#x43E;&#x43D;&#x442;&#x440;&#x43E;&#x43B;&#x435;&#x440; &#x410;. &#x412;&#x430;&#x441;&#x438;&#x43B;&#x44C;&#x435;&#x432;. &#x421; &#x43F;&#x43E;&#x434;&#x43B;&#x438;&#x43D;&#x43D;&#x44B;&#x43C; &#x432;&#x435;&#x440;&#x43D;&#x43E;: &#x421;&#x442;&#x430;&#x440;&#x448;&#x438;&#x439; &#x414;&#x435;&#x43B;&#x43E;&#x43F;&#x440;&#x43E;&#x438;&#x437;&#x432;&#x43E;&#x434;&#x438;&#x442;&#x435;&#x43B;&#x44C; &#x41F;&#x440;&#x436;&#x438;&#x431;&#x44B;&#x442;&#x435;&#x43A;</subfield>
  </datafield>
  <datafield tag="309" ind1=" " ind2=" ">
    <subfield code="a">&#x411;&#x435;&#x437; &#x442;&#x438;&#x442;. &#x43B;. &#x438; &#x43E;&#x431;&#x43B;.</subfield>
  </datafield>
  <datafield tag="309" ind1=" " ind2=" ">
    <subfield code="a">&#x41A;&#x43E;&#x43F;&#x438;&#x44F;</subfield>
  </datafield>
  <datafield tag="327" ind1="1" ind2=" ">
    <subfield code="a">&#x412; &#x438;&#x437;&#x434;. &#x442;&#x430;&#x43A;&#x436;&#x435; &#x432;&#x43A;&#x43B;&#x44E;&#x447;&#x435;&#x43D;&#x44B; &#x434;&#x440;. &#x434;&#x43E;&#x43A;&#x443;&#x43C;&#x435;&#x43D;&#x442;&#x44B;, &#x43F;&#x43E;&#x434;&#x43F;&#x438;&#x441;&#x430;&#x43D;&#x43D;&#x44B;&#x435; &#x440;&#x430;&#x437;&#x43D;&#x44B;&#x43C;&#x438; &#x43B;&#x438;&#x446;&#x430;&#x43C;&#x438;</subfield>
  </datafield>
  <datafield tag="517" ind1="1" ind2=" ">
    <subfield code="a">&#x41D;&#x430; &#x43E;&#x442;&#x43D;&#x43E;&#x448;&#x435;&#x43D;&#x438;&#x44F; &#x43E;&#x442; 14 &#x438; 19-&#x433;&#x43E; &#x441;&#x435;&#x433;&#x43E; &#x41C;&#x430;&#x440;&#x442;&#x430; &#x437;&#x430; &#x2116;&#x2116; 4133 &#x438; 4483, &#x438;&#x43C;&#x435;&#x44E; &#x447;&#x435;&#x441;&#x442;&#x44C; &#x443;&#x432;&#x435;&#x434;&#x43E;&#x43C;&#x438;&#x442;&#x44C; &#x412;&#x430;&#x448;&#x435; &#x41F;&#x440;&#x435;&#x432;&#x43E;&#x441;&#x445;&#x43E;&#x434;&#x438;&#x442;&#x435;&#x43B;&#x44C;&#x441;&#x442;&#x432;&#x43E;, &#x447;&#x442;&#x43E; &#x441; &#x43C;&#x43E;&#x435;&#x439; &#x441;&#x442;&#x43E;&#x440;&#x43E;&#x43D;&#x44B; &#x43D;&#x435; &#x432;&#x441;&#x442;&#x440;&#x435;&#x447;&#x430;&#x435;&#x442;&#x441;&#x44F; &#x43F;&#x440;&#x435;&#x43F;&#x44F;&#x442;&#x441;&#x442;&#x432;&#x438;&#x44F; &#x43A; &#x443;&#x442;&#x432;&#x435;&#x440;&#x436;&#x434;&#x435;&#x43D;&#x438;&#x44E; &#x432; &#x443;&#x441;&#x442;&#x430;&#x43D;&#x43E;&#x432;&#x43B;&#x435;&#x43D;&#x43D;&#x43E;&#x43C; &#x43F;&#x43E;&#x440;&#x44F;&#x434;&#x43A;&#x435; &#x432;&#x44B;&#x440;&#x430;&#x431;&#x43E;&#x442;&#x430;&#x43D;&#x43D;&#x43E;&#x433;&#x43E; &#x432; &#x41C;&#x43E;&#x440;&#x441;&#x43A;&#x43E;&#x43C; &#x41C;&#x438;&#x43D;&#x438;&#x441;&#x442;&#x435;&#x440;&#x441;&#x442;&#x432;&#x435; &#x43F;&#x43E;&#x43B;&#x43E;&#x436;&#x435;&#x43D;&#x438;&#x44F; &#x43E; &#x43C;&#x430;&#x448;&#x438;&#x43D;&#x43D;&#x43E;&#x439; &#x448;&#x43A;&#x43E;&#x43B;&#x435; &#x427;&#x435;&#x440;&#x43D;&#x43E;&#x43C;&#x43E;&#x440;&#x441;&#x43A;&#x43E;&#x433;&#x43E; &#x444;&#x43B;&#x43E;&#x442;&#x430; ...</subfield>
  </datafield>
  <datafield tag="601" ind1="0" ind2="2">
    <subfield code="a">&#x427;&#x435;&#x440;&#x43D;&#x43E;&#x43C;&#x43E;&#x440;&#x441;&#x43A;&#x438;&#x439; &#x444;&#x43B;&#x43E;&#x442;</subfield>
    <subfield code="b">&#x41C;&#x430;&#x448;&#x438;&#x43D;&#x43D;&#x430;&#x44F; &#x448;&#x43A;&#x43E;&#x43B;&#x430;</subfield>
    <subfield code="c">&#x434;&#x43E; 1917 &#x433;.</subfield>
    <subfield code="j">&#x414;&#x43E;&#x43A;&#x443;&#x43C;&#x435;&#x43D;&#x442;&#x44B; &#x438; &#x43C;&#x430;&#x442;&#x435;&#x440;&#x438;&#x430;&#x43B;&#x44B;</subfield>
    <subfield code="9">2469604</subfield>
    <subfield code="3">RU\NLR\AUTH\6601683897</subfield>
  </datafield>
  <datafield tag="686" ind1="3" ind2=" ">
    <subfield code="a">&#x426;4,8(2)396.2,011</subfield>
  </datafield>
  <datafield tag="702" ind1=" " ind2="1">
    <subfield code="4">720</subfield>
    <subfield code="8">rus</subfield>
    <subfield code="7">ca</subfield>
    <subfield code="a">&#x424;&#x438;&#x43B;&#x438;&#x43F;&#x43F;&#x43E;&#x432;</subfield>
    <subfield code="b">&#x422;. &#x418;.</subfield>
    <subfield code="c">&#x433;&#x43E;&#x441;. &#x434;&#x435;&#x44F;&#x442;&#x435;&#x43B;&#x44C;, &#x43F;&#x438;&#x441;&#x430;&#x442;&#x435;&#x43B;&#x44C;-&#x441;&#x43B;&#x430;&#x432;&#x44F;&#x43D;&#x43E;&#x444;&#x438;&#x43B;</subfield>
    <subfield code="f">1825-1899</subfield>
    <subfield code="g">&#x422;&#x435;&#x440;&#x442;&#x438;&#x439; &#x418;&#x432;&#x430;&#x43D;&#x43E;&#x432;&#x438;&#x447;</subfield>
    <subfield code="3">RU\NLR\AUTH\7763003</subfield>
    <subfield code="9">45933</subfield>
  </datafield>
  <datafield tag="702" ind1=" " ind2="1">
    <subfield code="4">720</subfield>
    <subfield code="8">rus</subfield>
    <subfield code="7">ca</subfield>
    <subfield code="a">&#x412;&#x430;&#x441;&#x438;&#x43B;&#x44C;&#x435;&#x432;</subfield>
    <subfield code="b">&#x410;. &#x412;.</subfield>
    <subfield code="c">&#x43F;&#x438;&#x441;&#x430;&#x442;&#x435;&#x43B;&#x44C;, &#x433;&#x43E;&#x441;. &#x438; &#x43E;&#x431;&#x449;&#x435;&#x441;&#x442;&#x432;. &#x434;&#x435;&#x44F;&#x442;&#x435;&#x43B;&#x44C;</subfield>
    <subfield code="f">1851-1929</subfield>
    <subfield code="g">&#x410;&#x444;&#x430;&#x43D;&#x430;&#x441;&#x438;&#x439; &#x412;&#x430;&#x441;&#x438;&#x43B;&#x44C;&#x435;&#x432;&#x438;&#x447;</subfield>
    <subfield code="3">RU\NLR\AUTH\7757401</subfield>
    <subfield code="9">40333</subfield>
  </datafield>
  <datafield tag="702" ind1=" " ind2="1">
    <subfield code="a">&#x41F;&#x440;&#x436;&#x438;&#x431;&#x44B;&#x442;&#x435;&#x43A;</subfield>
    <subfield code="b">&#x410;. &#x410;.</subfield>
    <subfield code="g">&#x410;&#x43B;&#x435;&#x43A;&#x441;&#x430;&#x43D;&#x434;&#x440; &#x410;&#x43B;&#x435;&#x43A;&#x441;&#x430;&#x43D;&#x434;&#x440;&#x43E;&#x432;&#x438;&#x447;</subfield>
    <subfield code="4">720</subfield>
  </datafield>
  <datafield tag="852" ind1=" " ind2=" ">
    <subfield code="a">NLR</subfield>
    <subfield code="j">135/294-325(44)</subfield>
  </datafield>
  <datafield tag="942" ind1=" " ind2=" ">
    <subfield code="c">BOOK</subfield>
  </datafield>
  <datafield tag="980" ind1=" " ind2=" ">
    <subfield code="a">NB</subfield>
  </datafield>
</record>
